Sports Quiz

Random Sports or WWE Quiz

WWE/NXT Superstars by Signature Move 2016 Quiz Stats

 Plays Quiz not verified by Sporcle

Support Sporcle.
Go Orange.
Score 0/30 Timer 12:00
0 Plays Today
Finisher Wrestler % Correct
RKORandy Orton
90.8%
Styles ClashAJ Styles
90.5%
F-5Brock Lesnar
90.1%
Bayley-to-BellyBayley
89.8%
Sister AbigailBray Wyatt
89.5%
CodebreakerChris Jericho
88.4%
Bank StatementSasha Banks
88%
Pop-up PowerbombKevin Owens
87.9%
Skullcrushing FinaleThe Miz
87.8%
Big EndingBig E Langston
86.5%
Red ArrowAdrian Neville
85.9%
RampaigePaige
85.1%
SharpshooterNatalya
83.2%
The AccoladeRusev
82%
Helluva KickSami Zayn
81.4%
Finisher Wrestler % Correct
Coup de GraceFinn Bálor
80.7%
NeutralizerAntonio Cesaro
80.6%
GoreRhyno
80.4%
End of DaysBaron Corbin
80.3%
Lost in the WoodsXavier Woods
77.9%
Cross Arm BreakerAlberto Del Rio
76.8%
Beauty ShotTyler Breeze
76%
Last DanceFandango
73.2%
Discus ClotheslineLuke Harper
72.1%
Muscle BusterSamoa Joe
71.2%
Lie DetectorR-Truth
62.8%
Sparkle SplashAlexa Bliss
56.7%
East River CrossingColin Cassidy
49%
TerminusDamien Sandow
28.1%
The WayErick Rowan
24.4%

You're not logged in!

Compare scores with friends on all Sporcle quizzes.
OR
Log In

From the Vault

Letter Grid: Best Picture Winners

by Joshie_the_great

Grids are usually an efficient way to organize data.
Remove Ads.
Support Sporcle.
Get the best of Sporcle when you Go Orange. This ad-free experience offers more features, more stats, and more fun while also helping to support Sporcle. Thank you for becoming a member.

Show Comments

Extras

Top Quizzes Today


Score Distribution

Your Account Isn't Verified!

In order to create a playlist on Sporcle, you need to verify the email address you used during registration. Go to your Sporcle Settings to finish the process.

Report this User

Report this user for behavior that violates our Community Guidelines.

Details: